| 000 | 00376nam a22001457a 4500 | ||
|---|---|---|---|
| 005 | 20200606152715.0 | ||
| 008 | 200606b xxu||||| |||| 00| 0 eng d | ||
| 082 | _a345.4 | ||
| 110 |
_aALL INDIA REPORTER _95804 |
||
| 245 | _aALL INDIA REPORTER 2006 ( V-93 ) DELHI SECTION | ||
| 260 |
_aMUMBAI _bALL INDIA REPORTER |
||
| 300 | _a144;p | ||
| 650 |
_aLAW _95701 |
||
| 942 | _cJRL | ||
| 999 |
_c6872 _d6870 |
||